Procedimiento de reclamaciones en la jurisprudencia y nuevos tribunales tributarios

Guardat en:
Dades bibliogràfiques
Autor principal: Gómez Manríquez, Claudia (Autor)
Format: Llibre
Idioma:espanyol
Publicat: Santiago Puntolex 2009
Matèries:
Etiquetes: Afegir etiqueta
Sense etiquetes, Sigues el primer a etiquetar aquest registre!

MARC

LEADER 00000nam a2200000 a 4500
001 UCG6398
003 CL-VaPUC
008 110421e20090930CL |||||||||||||||||spa|d
020 |a 9789568541675 
082 0 4 |a 347.8307  |b GOM  |2 21 
100 0 |a Gómez Manríquez, Claudia  |e author  |9 556578 
245 1 0 |a Procedimiento de reclamaciones en la jurisprudencia y nuevos tribunales tributarios 
300 |a 469 p 
942 |c BK 
945 |d 20110421 00:00:00  |a jcampos 
260 |a Santiago  |b Puntolex  |c 2009 
650 7 |a JUICIO TRIBUTARIO  |2 CL-VaPUC  |9 556429 
650 0 |a Administración   |x Procedimientos de impuestos  |9 324944 
650 0 |a Derecho procesal penal  |9 255496 
651 7 |a CHILE  |2 CL-VaPUC  |9 556579 
583 |a last modification  |c 20110421 00:00:00  |k Rodrigo Vera 
999 |c 344649  |d 344647 
952 |0 0  |1 0  |4 0  |6 347_830700000000000_GOM_2009  |7 0  |8 A  |9 442723  |a BIBDER  |b BIBDER  |d 2019-11-22  |i 476840K  |o 347.8307 GOM 2009  |p 476840K  |r 2023-01-25  |w 2019-11-22  |y BK  |k DER